100 Most Popular Baby Girl Names Starting with H in the UK, 2021 - Statistics

General Stats
  • This quiz has been taken 345 times
  • The average score is 24 of 100
Answer Stats
Name % Correct
Hanna
95%
Hannah
86%
Harriet
85%
Helen
85%
Hollie
84%
Holly
84%
Helena
82%
Hallie
76%
Hattie
68%
Harper
67%
Hazel
66%
Hope
66%
Hayley
63%
Heather
63%
Henrietta
63%
Hailie
60%
Hailey
59%
Halle
58%
Harlie
58%
Harley
57%
Heidi
57%
Honey
49%
Hettie
46%
Hetty
46%
Heaven
44%
Hadley
42%
Hana
42%
Honor
41%
Harlow
40%
Halley
37%
Hester
37%
Hali
35%
Harmony
35%
Hermione
34%
Hera
29%
Harriett
28%
Harlee
22%
Hala
14%
Harleigh
13%
Harper-Rose
13%
Harriette
13%
Havana
13%
Haya
12%
Hadassa
11%
Hafsa
11%
Halima
11%
Hania
11%
Hallie-Rose
10%
Harper-Mae
10%
Haisley
9%
Hallie-Mae
9%
Harper-Grace
9%
Hawa
9%
Hawwa
9%
Heer
9%
Hebe
8%
Hiba
7%
Hira
7%
Huda
7%
Haaniya
6%
Habiba
6%
Haniya
6%
Haleema
5%
Hallie-Rae
5%
Harper-Leigh
5%
Harper-Rae
5%
Hosanna
5%
Haniyah
4%
Harleen
4%
Harlyn
4%
Haadiya
3%
Hadiya
3%
Hafsah
3%
Hoorain
3%
Hadia
2%
Hareem
2%
Heba
2%
Hanan
1%
Harmony-Rose
1%
Hayaat
1%
Hayat
1%
Hindy
1%
Humaira
1%
Hadiyah
0%
Hajar
0%
Hajra
0%
Haleemah
0%
Halimah
0%
Hamnah
0%
Haneen
0%
Hanifa
0%
Haram
0%
Hargun
0%
Harper-Lily
0%
Hidaya
0%
Hidayah
0%
Hinza
0%
Humayra
0%
Hurain
0%
Husna
0%
No matching quizzes found
Score Distribution
Percent of People with Each Score
Percentile by Number Answered
Your Score History
You have not taken this quiz